[Event "Olympiades Calvia (36eme feminin)"]
[Site "?"]
[Date "2004.10.17"]
[Round "3.18"]
[White "Rojas Jessenia"]
[Black "Blazkova Petra"]
[Result "0-1"]
[WhiteElo "2082"]
[BlackElo "2214"]
[PlyCount "44"]
[EventDate "2004.??.??"]
[Source "www.chesslib.no"]
[SourceDate "2004.05.04"]

1. d4 Nf6 2. c4 e5 3. d5 Bc5 4. e3 d6 5. Nc3 a5 6. Qc2 O-O 7. Bd3 c6 8. Nge2 b5 9. Ne4 Nxe4 10. dxc6 Nxf2 11. Kxf2 bxc4 12. Bxc4 Nxc6 13. Rd1 Be6 14. a3 Qh4+ 15. Ng3 Qxc4 16. Qxc4 Bxc4 17. Ne4 Rfd8 18. Bd2 Bd3 19. Nxc5 dxc5 20. Rac1 c4 21. Re1 Rd6 22. Rc3 Rf6+ 0-1

[Event "79. ch-ARG"]
[Site "?"]
[Date "2004.09.26"]
[Round "3"]
[White "Franchi Gustavo"]
[Black "Benko Francisco"]
[Result "1-0"]
[WhiteElo "2200"]
[BlackElo "2096"]
[PlyCount "63"]
[EventDate "2004.??.??"]
[Source "www.chesslib.no"]
[SourceDate "2004.05.04"]

1. d4 Nf6 2. c4 e5 3. d5 a5 4. Nc3 Bc5 5. e4 d6 6. h3 Nbd7 7. Bd3 Nf8 8. Nge2 Ng6 9. Ng3 O-O 10. O-O Bd7 11. a3 Re8 12. Rb1 Bd4 13. Nce2 Bb6 14. b4 axb4 15. axb4 Qe7 16. Kh1 h6 17. Nf5 Bxf5 18. exf5 e4 19. fxg6 exd3 20. gxf7+ Qxf7 21. Nf4 Ne4 22. Rb2 d2 23. Bxd2 Nxd2 24. Qxd2 Re4 25. Ne6 Ra3 26. c5 dxc5 27. bxc5 Ba5 28. Qd1 b6 29. Rb3 Ra2 30. Rf3 Rd2 31. Rxf7 Kxf7 32. Qf3+ 1-0

[Event "Vinkovci CRO"]
[Site "?"]
[Date "2006.05.24"]
[Round "3.7"]
[White "Leakovic Ivica"]
[Black "Kovacevic Srecko"]
[Result "1/2-1/2"]
[WhiteElo "2195"]
[BlackElo "2095"]
[PlyCount "110"]
[EventDate "2006.??.??"]
[Source "www.chesslib.no"]
[SourceDate "2004.05.04"]

1. d4 Nf6 2. c4 e5 3. e3 Bb4+ 4. Bd2 Bxd2+ 5. Nxd2 exd4 6. exd4 d5 7. Ngf3 O-O 8. Be2 Nc6 9. O-O Bg4 10. Rc1 Re8 11. Re1 Qd7 12. h3 Bh5 13. c5 a6 14. Nb1 Bxf3 15. Bxf3 Rxe1+ 16. Qxe1 Nxd4 17. Qe3 Nxf3+ 18. Qxf3 Ne4 19. Rd1 Re8 20. b4 c6 21. Na3 Qe7 22. Nc2 Qf6 23. Qxf6 Nxf6 24. Nd4 g6 25. Kf1 Ne4 26. Rd3 Ng5 27. Nb3 Re4 28. a3 Ne6 29. Na5 Nd8 30. f3 Re8 31. a4 Kf8 32. b5 axb5 33. axb5 Re5 34. bxc6 bxc6 35. Rb3 Ke7 36. Rb8 f6 37. Ra8 d4 38. Ra7+ Ke6 39. Nb3 Rd5 40. Rxh7 Nf7 41. Rh4 d3 42. Ke1 f5 43. Ra4 Re5+ 44. Kd1 Re3 45. Rd4 Re2 46. Rxd3 Rxg2 47. Nd4+ Kd5 48. Nxf5+ Kxc5 49. Ne7 Ne5 50. Re3 Nc4 51. Re6 Nb2+ 52. Ke1 Nd3+ 53. Kf1 Rf2+ 54. Kg1 Rxf3 55. Rxc6+ Kd4 1/2-1/2

[Event "SVK-chT 0102"]
[Site "SVK"]
[Date "2001.??.??"]
[Round "4"]
[White "Ruckschloss, Karol"]
[Black "Orgon, Dusan"]
[Result "1-0"]
[WhiteElo "2260"]
[BlackElo "2020"]
[PlyCount "85"]
[EventDate "2001.10.??"]
[Source "ChessBase"]
[SourceDate "2002.01.21"]

1. c4 Nf6 2. d4 e5 3. e3 exd4 4. exd4 Bb4+ 5. Nc3 Qe7+ 6. Be2 O-O 7. Nf3 Re8 8. Bg5 d6 9. Rc1 Bg4 10. a3 Bxc3+ 11. Rxc3 Nbd7 12. Re3 Qf8 13. h3 Bh5 14. Qb3 b6 15. Qb5 h6 16. Bf4 Rxe3 17. Bxe3 Qe8 18. O-O Nf8 19. Rc1 c5 20. Qxe8 Rxe8 21. b4 cxd4 22. Nxd4 Bxe2 23. Nxe2 Ne6 24. Rd1 Rc8 25. Nd4 Ne8 26. Nb5 a5 27. Nxd6 Rd8 28. c5 axb4 29. axb4 bxc5 30. bxc5 Kf8 31. Rd2 N8c7 32. f4 Na6 33. c6 Nec7 34. Bb6 g6 35. Ne4 Rxd2 36. Nxd2 Ke7 37. Ne4 Ke6 38. Nc5+ Nxc5 39. Bxc5 Kd5 40. Bf8 h5 41. Kf2 Ne6 42. Ke3 Nxf8 43. c7 1-0

[Event "Swidnica op-B"]
[Site "?"]
[Date "2000.??.??"]
[Round "9"]
[White "Polishchuk Oleg"]
[Black "Machaj Bartosz"]
[Result "0-1"]
[WhiteElo "2170"]
[BlackElo "2110"]
[PlyCount "132"]
[EventDate "2000.??.??"]
[Source "www.chesslib.no"]
[SourceDate "2004.05.04"]

1. d4 Nf6 2. c4 e5 3. Nf3 exd4 4. Nxd4 Bb4+ 5. Nd2 Ne4 6. a3 Qf6 7. N4f3 Bxd2+ 8. Bxd2 Qxb2 9. Qc1 Qxc1+ 10. Bxc1 d6 11. Bb2 O-O 12. e3 Nc6 13. h4 Nc5 14. Rd1 Bf5 15. Nd4 Nxd4 16. Rxd4 Rfe8 17. h5 Re4 18. Rd5 Be6 19. Rg5 Rg4 20. Rxg4 Bxg4 21. f3 Be6 22. h6 g6 23. Kd2 f5 24. Bf6 Kf7 25. Bg5 a6 26. Kc3 b5 27. Be2 bxc4 28. Rb1 Na4+ 29. Kc2 Bd5 30. Rb4 Nb6 31. Kc3 Rb8 32. e4 fxe4 33. fxe4 Bxe4 34. Bxc4+ d5 35. Bxa6 Ra8 36. Bf1 Rxa3+ 37. Kb2 Ra4 38. Rb5 Ke6 39. g3 Nc4+ 40. Bxc4 Rxc4 41. Rb8 Kf5 42. Bf4 g5 43. Rf8+ Ke6 44. Bxg5 c5 45. Bf4 Rb4+ 46. Kc1 c4 47. Kd2 Rb3 48. Rc8 Kf5 49. Rc7 Kg4 50. Be5 Kf5 51. Bf4 Ke6 52. Rc6+ Kd7 53. Rc5 Rd3+ 54. Ke2 Ke6 55. Rc6+ Kf5 56. Rc7 Kg4 57. Be5 Kh3 58. Kf2 Rf3+ 59. Ke2 Kg2 60. g4 Rd3 61. Rf7 Bf3+ 62. Rxf3 Rxf3 63. g5 Rf5 64. Bf6 Kh3 65. Kd2 Kg4 66. Be7 Rxg5 0-1

[Event "St Veit"]
[Site "?"]
[Date "2001.07.??"]
[Round "?"]
[White "Wersching Alfred"]
[Black "Weissenbichler Franz"]
[Result "1/2-1/2"]
[WhiteElo "2095"]
[BlackElo "2180"]
[PlyCount "65"]
[EventDate "2001.??.??"]
[Source "www.chesslib.no"]
[SourceDate "2004.05.04"]

1. d4 Nf6 2. c4 e5 3. d5 Bc5 4. Nc3 a6 5. e4 d6 6. Be2 O-O 7. h4 Bd4 8. Qd3 c6 9. Nd1 cxd5 10. cxd5 Nbd7 11. Bf3 Nc5 12. Qe2 Bd7 13. Nc3 Rc8 14. Bd2 Qb6 15. Be3 Qa5 16. Qc2 Bb5 17. Nge2 Nd3+ 18. Kd2 Nxb2 19. Qxb2 Bxe2 20. Rhc1 Bxf3 21. gxf3 b5 22. Kd3 Bxc3 23. Rxc3 Rxc3+ 24. Qxc3 b4 25. Qc4 h6 26. Rb1 Qa3+ 27. Rb3 Qxa2 28. Rxb4 Qxc4+ 29. Kxc4 Ne8 30. Rb6 f5 31. Rxa6 fxe4 32. fxe4 Rf7 33. Ra1 1/2-1/2

[Event "Campionato europeo 2007"]
[Site "Dresda GER"]
[Date "2007.04.06"]
[Round "4.166"]
[White "Hesselbarth, Karlheinz"]
[Black "Fruebing, Stefan"]
[Result "0-1"]
[WhiteElo "1929"]
[BlackElo "2343"]
[PlyCount "64"]
[EventDate "2007.04.03"]
[Source "www.chesslib.no"]
[SourceDate "2004.05.04"]

1. d4 Nf6 2. c4 e5 3. d5 Bc5 4. Nc3 O-O 5. e4 d6 6. Be2 c6 7. Nf3 Ng4 8. O-O f5 9. Qc2 f4 10. Bd2 a6 11. Na4 Ba7 12. b4 b5 13. Nb2 Kh8 14. Bc3 cxd5 15. cxd5 Rf6 16. Rac1 Nd7 17. Ng5 Nf8 18. h3 Nh6 19. Kh2 Rg6 20. Nf3 Nf7 21. Nd3 Rh6 22. Nde1 g5 23. Kg1 Bxh3 24. gxh3 Rxh3 25. Nh2 h5 26. Ng2 g4 27. Nxf4 Qg5 28. Ng2 g3 29. Nf3 gxf2+ 30. Rxf2 Qg3 31. Be1 Ng5 32. Nxg5 Qh2+ 0-1

[Event "Laval"]
[Site "?"]
[Date "2002.04.20"]
[Round "3"]
[White "Schleifer Michael"]
[Black "Daniel Robert"]
[Result "1-0"]
[WhiteElo "2372"]
[BlackElo "1898"]
[PlyCount "69"]
[EventDate "2002.??.??"]
[Source "www.chesslib.no"]
[SourceDate "2004.05.04"]

1. d4 Nf6 2. c4 e5 3. d5 Bc5 4. Nc3 O-O 5. a3 a5 6. Nf3 d6 7. Bg5 Nbd7 8. e3 h6 9. Bxf6 Nxf6 10. Be2 Nh7 11. Qc2 f5 12. O-O-O Nf6 13. h3 Bd7 14. g3 g5 15. g4 e4 16. Nd4 Bxd4 17. Rxd4 Qe7 18. gxf5 Bxf5 19. Bg4 Bxg4 20. hxg4 Rae8 21. Rxh6 Kg7 22. Rh2 Qe5 23. Rg2 Rh8 24. Nb5 Re7 25. Rd1 Nd7 26. Nd4 Kf6 27. Ne6 Nc5 28. Nxc5 dxc5 29. d6 cxd6 30. Kb1 Reh7 31. Rd5 Rh1+ 32. Ka2 Qe6 33. Qc3+ Kg6 34. Qxa5 Rc1 35. Qd2 1-0

[Event "SVK-chT2B"]
[Site "SVK"]
[Date "1994.??.??"]
[Round "12"]
[White "Lutter, Ladislav"]
[Black "Plachetka, Tomas"]
[Result "0-1"]
[WhiteElo "2040"]
[BlackElo "2230"]
[PlyCount "102"]
[EventDate "1994.??.??"]
[Source "www.chesslib.no"]
[SourceDate "2004.05.04"]

1. d4 Nf6 2. c4 e5 3. e3 exd4 4. exd4 Be7 5. Nf3 O-O 6. Be2 d5 7. O-O c6 8. Nc3 dxc4 9. Bxc4 Bg4 10. Be3 Nbd7 11. h3 Bxf3 12. Qxf3 Nb6 13. Bb3 Qd7 14. Rad1 Nbd5 15. Bc1 Rad8 16. Ne2 Ne8 17. g4 Nec7 18. Ng3 Ne6 19. Bc2 Bg5 20. Be3 g6 21. Ne4 Bf4 22. Bxf4 Nexf4 23. Bb3 Qe7 24. Kh2 Qh4 25. Rg1 Rde8 26. Rg3 Kh8 27. g5 f5 28. gxf6 Nxh3 29. Rxh3 Qxe4 30. Qxe4 Rxe4 31. Bc2 Rg4 32. Re1 Rxf6 33. f3 Rxd4 34. Re8+ Kg7 35. Be4 Rd2+ 36. Kg1 Rxb2 37. a4 Rf7 38. Rd8 Nf6 39. Bd3 Re7 40. Kf1 Rd7 41. Rxd7+ Nxd7 42. f4 Nc5 43. Be2 Nxa4 44. Re3 Rb4 45. Kg2 Rxf4 46. Re7+ Rf7 47. Re8 Kf6 48. Bc4 Re7 49. Rf8+ Ke5 50. Rf3 Ke4 51. Bf1 Nc5 0-1

[Event "Dresden"]
[Site "?"]
[Date "2003.07.29"]
[Round "5"]
[White "Weidel Albrecht"]
[Black "Glasewald Stefan"]
[Result "1-0"]
[WhiteElo "2202"]
[BlackElo "2058"]
[PlyCount "83"]
[EventDate "2003.??.??"]
[Source "www.chesslib.no"]
[SourceDate "2004.05.04"]

1. d4 Nf6 2. c4 e5 3. e3 Bb4+ 4. Bd2 Bxd2+ 5. Qxd2 exd4 6. Qxd4 Nc6 7. Qd2 Ne4 8. Qc2 Qe7 9. Nc3 Nxc3 10. Qxc3 Qb4 11. Rc1 O-O 12. Nf3 d6 13. Bd3 Ne5 14. Nxe5 Qxc3+ 15. Rxc3 dxe5 16. c5 Be6 17. Bc4 Bxc4 18. Rxc4 Rfd8 19. Ke2 c6 20. Rb4 Rd7 21. Rd1 Rad8 22. Rxd7 Rxd7 23. Ra4 a6 24. Ra3 Kf8 25. Rd3 Ke7 26. Rxd7+ Kxd7 27. e4 Ke6 28. Kd3 h5 29. h4 f5 30. f3 f4 31. Kc4 Kf6 32. Kb4 g5 33. Ka5 gxh4 34. Kb6 h3 35. gxh3 Kg5 36. Kxb7 Kh4 37. Kxc6 Kxh3 38. Kd5 Kg2 39. c6 h4 40. c7 h3 41. c8=Q h2 42. Qg4+ 1-0

[Event "Calvi FRA"]
[Site "?"]
[Date "2005.04.19"]
[Round "4.3"]
[White "Feller Sebastien"]
[Black "Baudson Charles"]
[Result "0-1"]
[WhiteElo "2228"]
[BlackElo "2007"]
[PlyCount "92"]
[EventDate "2005.??.??"]
[Source "www.chesslib.no"]
[SourceDate "2004.05.04"]

1. d4 Nf6 2. c4 e5 3. Nc3 exd4 4. Qxd4 Nc6 5. Qd2 Bc5 6. Nf3 d6 7. e3 Bf5 8. Be2 Qd7 9. a3 a5 10. b3 Ne7 11. Bb2 Ng6 12. Rd1 O-O 13. O-O Rfe8 14. Na4 Ne4 15. Nxc5 Nxd2 16. Nxd7 Nxf1 17. Nf6+ gxf6 18. Rxf1 Ne5 19. Nd2 Nd7 20. g4 Bg6 21. Bf3 Rab8 22. Bc3 Bd3 23. Rc1 Ne5 24. Bd1 Bg6 25. Bxa5 b6 26. Bc3 Nd3 27. Ra1 f5 28. gxf5 Bxf5 29. e4 Bxe4 30. Nxe4 Rxe4 31. Bc2 Rg4+ 32. Kf1 Nf4 33. Re1 Nh3 34. Re3 Rg1+ 35. Ke2 Nf4+ 36. Kf3 Ne6 37. Ke2 Re8 38. Kd2 Kf8 39. h4 Rg2 40. Ke1 h6 41. Be4 Nf4 42. Bf3 Rxe3+ 43. fxe3 Nd3+ 44. Kd1 Rh2 45. h5 Rh3 46. Be2 Nf2+ 0-1

[Event "Gongyos Matra op 25th"]
[Site "?"]
[Date "2002.07.29"]
[Round "6.23"]
[White "Schmidt Gabor"]
[Black "Nemeth Jozsef"]
[Result "0-1"]
[WhiteElo "2045"]
[BlackElo "2187"]
[PlyCount "68"]
[EventDate "2002.??.??"]
[Source "www.chesslib.no"]
[SourceDate "2004.05.04"]

1. d4 Nf6 2. c4 e5 3. d5 Bc5 4. g3 Ne4 5. e3 f5 6. a3 a5 7. Bg2 Nf6 8. Nc3 O-O 9. Nh3 d6 10. O-O Bd7 11. Ng5 Qe7 12. Na4 Na6 13. Bd2 h6 14. Nh3 Qe8 15. Nxc5 Nxc5 16. b3 a4 17. b4 Nb3 18. Rb1 Qc8 19. f4 e4 20. Nf2 b5 21. Rxb3 axb3 22. Qxb3 bxc4 23. Qxc4 Qb7 24. Rc1 Qxd5 25. Qxd5+ Nxd5 26. Ra1 Ba4 27. Bf1 Nb6 28. Be2 d5 29. Rc1 c6 30. g4 g6 31. Rc3 Rac8 32. Nd1 Bb5 33. Bxb5 cxb5 34. Rb3 Na4 0-1

[Event "Memorial Em.Lasker (open)"]
[Site "Barlinek (Poland)"]
[Date "2007.06.06"]
[Round "5"]
[White "Kutsankov Vladimir (BLR)"]
[Black "Daleczko Z"]
[Result "1-0"]
[WhiteElo "2334"]
[BlackElo "1886"]
[PlyCount "55"]
[EventDate "2007.??.??"]
[Source "www.chesslib.no"]
[SourceDate "2004.05.04"]

1. d4 Nf6 2. c4 e5 3. Nf3 exd4 4. Nxd4 Bb4+ 5. Bd2 Bxd2+ 6. Qxd2 O-O 7. Nc3 d6 8. h3 Nbd7 9. g4 Nc5 10. Bg2 Re8 11. O-O-O Nfe4 12. Nxe4 Nxe4 13. Bxe4 Rxe4 14. f3 Re8 15. h4 a6 16. h5 b5 17. h6 Qe7 18. e4 bxc4 19. hxg7 Qf6 20. Nf5 Bxf5 21. gxf5 Rab8 22. Rdg1 c3 23. Qh2 cxb2+ 24. Kb1 h6 25. Qd2 Qe5 26. Qxh6 f6 27. Qh7+ Kf7 28. g8=Q# 1-0

[Event "7 Open Genova"]
[Site "?"]
[Date "2003.08.05"]
[Round "5"]
[White "Astengo Marcello"]
[Black "Corso Sergio"]
[Result "0-1"]
[WhiteElo "2070"]
[BlackElo "2149"]
[PlyCount "60"]
[EventDate "2003.??.??"]
[Source "www.chesslib.no"]
[SourceDate "2004.05.04"]

1. d4 Nf6 2. c4 e5 3. Nf3 e4 4. Ng5 c6 5. Qa4 d5 6. cxd5 h6 7. Nh3 Bxh3 8. gxh3 Nxd5 9. e3 Nd7 10. Nc3 N7b6 11. Qd1 Nxc3 12. bxc3 Qd5 13. Bd2 Nc4 14. Qa4 b5 15. Bxc4 Qxc4 16. Qxc4 bxc4 17. Rb1 O-O-O 18. Rg1 Rg8 19. Rg4 f5 20. Rg6 Rd6 21. Rg2 Re6 22. Ke2 Be7 23. Rbg1 g5 24. Bc1 Kd7 25. f3 Rb8 26. h4 Rb5 27. hxg5 hxg5 28. h4 exf3+ 29. Kxf3 g4+ 30. Kf4 Bxh4 0-1

[Event "Wichern op 5th"]
[Site "Hamburg"]
[Date "1999.10.17"]
[Round "3.73"]
[White "Zschischang, Marine"]
[Black "Althoff, Guntram"]
[Result "0-1"]
[WhiteElo "2031"]
[BlackElo "2185"]
[PlyCount "38"]
[EventDate "1999.10.15"]
[Source "www.chesslib.no"]
[SourceDate "2004.05.04"]

1. d4 Nf6 2. c4 e5 3. d5 Bc5 4. Nc3 O-O 5. Bg5 Bxf2+ 6. Kd2 Bd4 7. Kc2 Bxc3 8. bxc3 d6 9. Qd3 Na6 10. Qf3 Nc5 11. Nh3 Nce4 12. Bh4 h6 13. g4 Bd7 14. a4 c6 15. a5 cxd5 16. cxd5 Rc8 17. Ra3 Rc5 18. a6 b5 19. Kb2 Nd2 0-1

[Event "It Open"]
[Site "?"]
[Date "2005.05.06"]
[Round "8"]
[White "Ferrari Josef"]
[Black "Matocha Pavel"]
[Result "0-1"]
[WhiteElo "2206"]
[BlackElo "1999"]
[PlyCount "52"]
[EventDate "2005.??.??"]
[Source "www.chesslib.no"]
[SourceDate "2004.05.04"]

1. d4 Nf6 2. c4 e5 3. d5 Bc5 4. Nc3 d6 5. g3 Bf5 6. Bg2 Nbd7 7. Nf3 Ne4 8. Nxe4 Bxe4 9. O-O h6 10. Bh3 O-O 11. Qa4 Nb6 12. Qb3 c6 13. Rd1 cxd5 14. cxd5 Rc8 15. a4 Bc2 16. Qb5 Bxd1 17. Bxc8 Qxc8 18. a5 Nc4 19. Kf1 e4 20. Ng1 Qf5 21. Bf4 Qxd5 22. b4 a6 23. Qd7 Bxb4 24. Rb1 Bb3 25. Qg4 Ne5 26. Qh5 Ng6 0-1

[Event "Mallorca-ch pref"]
[Site "?"]
[Date "2000.11.11"]
[Round "4"]
[White "Boix Pons Catalina"]
[Black "March Morla David"]
[Result "0-1"]
[WhiteElo "2064"]
[BlackElo "2140"]
[PlyCount "64"]
[EventDate "2000.??.??"]
[Source "www.chesslib.no"]
[SourceDate "2004.05.04"]

1. d4 Nf6 2. c4 e5 3. d5 Bc5 4. Nf3 d6 5. Nc3 h6 6. e3 Bg4 7. Be2 O-O 8. O-O e4 9. Nd4 Bxe2 10. Qxe2 Nbd7 11. Qc2 Re8 12. a3 a5 13. Bd2 Ne5 14. Na4 Nfd7 15. b4 axb4 16. axb4 Bb6 17. Nb2 Rxa1 18. Rxa1 Qg5 19. Kh1 Ng4 20. Rf1 Qh4 21. h3 Nxf2+ 22. Kh2 Ng4+ 23. Kg1 Nge5 24. Rf4 Qg5 25. Qxe4 Nf6 26. Qc2 Qg6 27. Nf5 Nh5 28. Rf1 Ng3 29. Rf4 Ne2+ 30. Kh2 Nxf4 31. exf4 Nf3+ 32. Kh1 Nxd2 0-1

[Event "Ottawa"]
[Site "Ottawa"]
[Date "1972.??.??"]
[Round "?"]
[White "Horvat, Miro"]
[Black "Brodie, Hugh"]
[Result "1-0"]
[WhiteElo "2100"]
[BlackElo "2100"]
[PlyCount "61"]
[EventDate "1972.??.??"]
[Source "www.chesslib.no"]
[SourceDate "2004.05.04"]

1. d4 Nf6 2. c4 e5 3. d5 Bc5 4. e3 O-O 5. Nc3 d6 6. Bd3 Qe7 7. Qc2 c6 8. e4 h6 9. h3 Nbd7 10. Nge2 Nh5 11. g4 Nhf6 12. Ng3 Nh7 13. Nf5 Qf6 14. h4 g5 15. hxg5 hxg5 16. Rh6 Qd8 17. f3 Ndf6 18. Qh2 Bxf5 19. gxf5 Kg7 20. Bd2 Rh8 21. O-O-O Kf8 22. Bxg5 Ke7 23. Rxh7 Be3+ 24. Bxe3 Rxh7 25. Qd2 Qh8 26. dxc6 bxc6 27. c5 Rg8 28. Bc4 Ne8 29. Bg5+ Kd7 30. cxd6 Rh5 31. Qe3 1-0

[Event "Wijk aan Zee 71/(424)"]
[Site "Wijk"]
[Date "1998.07.26"]
[Round "2"]
[White "Lutring, Aniko"]
[Black "Waters, Michael"]
[Result "0-1"]
[WhiteElo "2075"]
[BlackElo "2125"]
[PlyCount "64"]
[EventDate "1998.??.??"]
[Source "www.chesslib.no"]
[SourceDate "2004.05.04"]

1. d4 Nf6 2. c4 e5 3. d5 Bc5 4. e3 d6 5. Nc3 O-O 6. h3 a6 7. Bd3 Nbd7 8. Nge2 Qe7 9. Ng3 Nb6 10. O-O Bb4 11. Na4 Ba5 12. Nxb6 Bxb6 13. Qc2 c6 14. dxc6 bxc6 15. Ne4 h6 16. b4 d5 17. Nxf6+ Qxf6 18. Bb2 Qg5 19. Kh2 e4 20. Be2 Bc7+ 21. Kh1 Qh4 22. f4 Bxh3 23. Kg1 Qg3 24. Rf2 Bxf4 25. exf4 e3 26. Bf3 Qxf2+ 27. Qxf2 exf2+ 28. Kxf2 Be6 29. c5 a5 30. Bc3 axb4 31. Bxb4 Rfb8 32. Bc3 Ra3 0-1

[Event "GER Ch U20 Girls"]
[Site "Halle GER"]
[Date "1996.??.??"]
[Round "8"]
[White "Mueller, Andrea"]
[Black "Ludwig, Kristin"]
[Result "1-0"]
[WhiteElo "2095"]
[BlackElo "2090"]
[PlyCount "91"]
[EventDate "1996.??.??"]
[Source "www.chesslib.no"]
[SourceDate "2004.05.04"]

1. d4 Nf6 2. c4 e5 3. d5 Bc5 4. Nc3 d6 5. e3 c6 6. Nf3 O-O 7. Be2 Bf5 8. O-O a6 9. a3 h6 10. b4 Bb6 11. Bb2 c5 12. Qb3 Nbd7 13. Na4 Rb8 14. Bc3 Bh7 15. Bd1 Ba7 16. b5 Bb6 17. Nxb6 Qxb6 18. a4 a5 19. Bc2 Qa7 20. Bxh7+ Nxh7 21. Qc2 b6 22. Nh4 Rbe8 23. Nf5 Qc7 24. e4 Ndf6 25. Qd3 Kh8 26. Bd2 Rd8 27. Rae1 Ng8 28. Qg3 f6 29. f4 Rf7 30. Qg6 Nf8 31. Qg3 Ne7 32. fxe5 fxe5 33. Nxh6 Rxf1+ 34. Rxf1 gxh6 35. Rf7 Nfg6 36. Bg5 Kg8 37. Rxe7 Nxe7 38. Bxe7+ Kh7 39. Bxd8 Qxd8 40. Qg4 Qf6 41. g3 Qe7 42. Kg2 Qd8 43. Qf5+ Kg7 44. h4 Qe8 45. h5 Qe7 46. Qg6+ 1-0

[Event "10th TCh-Euro sen"]
[Site "Dresden GER"]
[Date "2008.02.18"]
[Round "8"]
[White "Haug, K."]
[Black "Bonner, G."]
[Result "1/2-1/2"]
[WhiteElo "1958"]
[BlackElo "2225"]
[PlyCount "32"]
[EventDate "2008.02.11"]
[Source "www.chesslib.no"]
[SourceDate "2004.05.04"]

1. d4 Nf6 2. c4 e5 3. d5 g6 4. Nc3 Bg7 5. e4 d6 6. Nf3 O-O 7. h3 a5 8. Bd3 Nbd7 9. Be3 b6 10. Rc1 Nc5 11. Bb1 Bb7 12. O-O h6 13. Re1 Kh7 14. Kh2 Nh5 15. Ng1 Qe8 16. Nge2 Kh8 1/2-1/2

[Event "Cullera (Spain)"]
[Site "?"]
[Date "2005.07.30"]
[Round "9"]
[White "Alcaraz Soriano Angela"]
[Black "Carrascoso Morales Abel"]
[Result "1-0"]
[WhiteElo "2011"]
[BlackElo "2165"]
[PlyCount "51"]
[EventDate "2005.??.??"]
[Source "www.chesslib.no"]
[SourceDate "2004.05.04"]

1. d4 Nf6 2. c4 e5 3. d5 Bc5 4. e3 O-O 5. Bd3 d6 6. Ne2 a5 7. O-O Na6 8. Nbc3 Ne8 9. e4 Bg4 10. Kh1 f5 11. f3 fxe4 12. Nxe4 Bd7 13. Bg5 Nf6 14. N2g3 Qe7 15. f4 exf4 16. Nh5 f3 17. Bxf6 gxf6 18. Qxf3 f5 19. Neg3 f4 20. Nxf4 Be3 21. Rae1 Rae8 22. Qh5 Qg7 23. Qh4 Nc5 24. Ngh5 Qe7 25. Qg3+ Kh8 26. Rxe3 1-0

[Event "FRA Ch Acc"]
[Site "Montpellier FRA"]
[Date "1991.??.??"]
[Round "5"]
[White "Mandon, Fabrice"]
[Black "Mercier, Jean-Pierre"]
[Result "0-1"]
[WhiteElo "1950"]
[BlackElo "2225"]
[PlyCount "138"]
[EventDate "1991.??.??"]
[Source "www.chesslib.no"]
[SourceDate "2004.05.04"]

1. d4 Nf6 2. c4 e5 3. d5 Bc5 4. Nc3 d6 5. Nf3 Nbd7 6. Qc2 c6 7. dxc6 bxc6 8. Bg5 Qb6 9. e4 h6 10. Bh4 Rb8 11. Rb1 Bb4 12. Bd3 g5 13. Bg3 Nc5 14. O-O Bxc3 15. bxc3 Qc7 16. Nd2 Be6 17. Nb3 Nxd3 18. Qxd3 c5 19. Na1 Ke7 20. Nc2 Qa5 21. Ne3 Rxb1 22. Rxb1 Qxa2 23. Rb7+ Nd7 24. h4 Rb8 25. Rxb8 Nxb8 26. Nd5+ Bxd5 27. exd5 a5 28. hxg5 hxg5 29. Qf5 Qa1+ 30. Kh2 Qc1 31. Bxe5 dxe5 32. Qxe5+ Kd7 33. Qf5+ Kd8 34. Qf6+ Ke8 35. Qe5+ Kd7 36. Qf5+ Kc7 37. Qe5+ Kb7 38. Qe7+ Ka8 39. Qxc5 Qxc3 40. d6 Qh8+ 41. Kg1 Qa1+ 42. Kh2 Qh8+ 43. Kg1 Qd8 44. Qb5 f6 45. c5 Qd7 46. Qxa5+ Kb7 47. g3 Qc6 48. Qd8 Nd7 49. Kh2 Ka6 50. Qc7 Kb5 51. Kh3 Kxc5 52. Kg4 Kd5 53. Kf5 Qxd6 54. Qa5+ Kc6 55. Qa6+ Kc7 56. Qa5+ Kc8 57. f4 gxf4 58. gxf4 Nc5 59. Qc3 Qe6+ 60. Kg6 Qg8+ 61. Kf5 Qh7+ 62. Kg4 Qg6+ 63. Kf3 Qd3+ 64. Qxd3 Nxd3 65. Ke4 Nc5+ 66. Kd5 Nd7 67. Kd6 Kd8 68. Ke6 Ke8 69. f5 Kd8 0-1

[Event "Fide Mercenarios 6th"]
[Site "MEX"]
[Date "1995.??.??"]
[Round "1"]
[White "Castillo Castelan, Miguel"]
[Black "Bernal, Carlos"]
[Result "0-1"]
[WhiteElo "2170"]
[BlackElo "2000"]
[PlyCount "72"]
[EventDate "1995.??.??"]
[Source "www.chesslib.no"]
[SourceDate "2004.05.04"]

1. d4 Nf6 2. c4 e5 3. d5 Bc5 4. e3 d6 5. Nc3 O-O 6. Be2 Re8 7. Qc2 a5 8. Bd2 c6 9. Bd3 b5 10. Ne4 bxc4 11. Nxf6+ Qxf6 12. Bxh7+ Kh8 13. Be4 Bb7 14. dxc6 Nxc6 15. Qxc4 Ba6 16. Qa4 Nb4 17. a3 Nd3+ 18. Bxd3 Bxd3 19. Nf3 e4 20. Bc3 Qg6 21. Nd4 Qxg2 22. O-O-O Rec8 23. Nf5 Bb4 24. Rhg1 Bxc3 25. bxc3 Qxf2 26. Rxd3 exd3 27. Qh4+ Qxh4 28. Nxh4 Rxc3+ 29. Kd2 Rxa3 30. Nf5 Rb8 31. Nxd6 Rb2+ 32. Kc1 Rc2+ 33. Kb1 Rb3+ 34. Ka1 d2 35. Nxf7+ Kg8 36. Nh6+ Kh7 0-1

[Event "POL Team Ch reg"]
[Site "Poland"]
[Date "1995.??.??"]
[Round "?"]
[White "Wilk, Adam"]
[Black "Matyszkiewicz, Marcin"]
[Result "1/2-1/2"]
[WhiteElo "2035"]
[BlackElo "2135"]
[PlyCount "130"]
[EventDate "1995.??.??"]
[Source "www.chesslib.no"]
[SourceDate "2004.05.04"]

1. d4 Nf6 2. c4 e5 3. Nc3 exd4 4. Qxd4 Nc6 5. Qd1 Bc5 6. Nf3 Ng4 7. e3 d6 8. a3 a5 9. Be2 O-O 10. O-O Re8 11. Nd4 Nge5 12. Na4 Ba7 13. Nb5 Bb8 14. Bd2 Ne7 15. b4 Be6 16. Qc2 f6 17. Rfd1 Bf7 18. bxa5 N7c6 19. Bb4 Nxa5 20. Rd4 Nac6 21. Rd2 Nxb4 22. axb4 Qe7 23. Rad1 Kh8 24. c5 Bg6 25. e4 Nc6 26. cxd6 cxd6 27. f3 Nxb4 28. Qb3 d5 29. Nb6 Qc5+ 30. Kh1 Qxb6 31. Qxb4 dxe4 32. fxe4 Bf4 33. Rd4 Be5 34. Rd7 Rad8 35. Qd2 Rxd7 36. Qxd7 Qc6 37. Qxc6 bxc6 38. Na7 Bxe4 39. Ba6 Bd5 40. Bb7 Bb3 41. Bxc6 Bxd1 42. Bxe8 Kg8 43. Bc6 Kf8 44. Nc8 Bc7 45. Be4 g6 46. Na7 Ke7 47. Bd3 Ke6 48. Bc4+ Ke5 49. Nc6+ Ke4 50. Ne7 Bd6 51. Nd5 Be5 52. Ne7 g5 53. Nd5 h5 54. Kg1 h4 55. Nb4 Ba4 56. Nd5 f5 57. Nb4 Bd4+ 58. Kf1 g4 59. Ba6 f4 60. Bb7+ Kf5 61. Ba6 Kg5 62. Ke2 Bd7 63. Kf1 Bf5 64. Nd3 Be4 65. Nf2 Bf5 1/2-1/2

[Event "HZ Open"]
[Site "Vlissingen OLA"]
[Date "2007.08.06"]
[Round "4"]
[White "Sparreboom, W."]
[Black "Beuman, T."]
[Result "1-0"]
[WhiteElo "1984"]
[BlackElo "2185"]
[PlyCount "51"]
[EventDate "2007.08.04"]
[Source "www.chesslib.no"]
[SourceDate "2004.05.04"]

1. d4 Nf6 2. c4 e5 3. Nf3 exd4 4. Nxd4 b6 5. Bg5 Bb4+ 6. Nc3 Bxc3+ 7. bxc3 Bb7 8. f3 O-O 9. e4 Re8 10. Be2 Qe7 11. O-O Qe5 12. Qd2 h6 13. Bf4 Qc5 14. Kh1 Na6 15. Nf5 Bxe4 16. Nxg7 Kxg7 17. Bxh6+ Kg8 18. fxe4 Nxe4 19. Qf4 f5 20. Bd3 Re7 21. Bxe4 fxe4 22. Bf8 Rae8 23. Qg3+ Kh8 24. Rf4 Rxf8 25. Rxf8+ Kh7 26. Rf4 1-0

[Event "It \"]
[Site "Peterhof (Russia)"]
[Date "2007.08.11"]
[Round "6"]
[White "Shpartko Grigory"]
[Black "Binkis Mikhail"]
[Result "1-0"]
[WhiteElo "2077"]
[BlackElo "2088"]
[PlyCount "53"]
[EventDate "2007.??.??"]
[Source "www.chesslib.no"]
[SourceDate "2004.05.04"]

1. d4 Nf6 2. c4 e5 3. d5 Bc5 4. Nc3 a6 5. Nf3 d6 6. Bg5 Bg4 7. Nd2 Bf5 8. e3 Nbd7 9. a3 c6 10. b4 Ba7 11. dxc6 bxc6 12. Qf3 Be6 13. Qxc6 h6 14. Bxf6 gxf6 15. Nce4 O-O 16. Nxd6 f5 17. c5 Qf6 18. e4 f4 19. Bc4 f3 20. Bxe6 fxg2 21. Rg1 Qxe6 22. Rxg2+ Kh7 23. Ke2 Nf6 24. Rag1 Nh5 25. Ke3 Rfc8 26. Qd5 Qh3+ 27. f3 1-0